| 000 | 00957nam a2200241 i 4500 | ||
|---|---|---|---|
| 001 | 5483 | ||
| 003 | ES-MaACL | ||
| 005 | 20230906144608.0 | ||
| 007 | t| | ||
| 008 | 880706s1987 sp ||||1| spa d | ||
| 020 | _a84-505-5370-3 | ||
| 080 | _a9(464.1) | ||
| 100 | 1 |
_aAznar, Fernando. _924299 |
|
| 245 | 1 | 0 |
_aMadrid _b: una historia en comunidad / _ctexto e ilustraciones, Fernando Aznar ; documentación histórica y bibliografía, Enrique Fraguas, Paz Montalvo. |
| 260 |
_aMadrid : _bComunidad, Consejeria de Cultura y Deportes, Direccion General de Patrimonio Cultural, _cD.L.1987. |
||
| 300 |
_a320 p. : _bil. ; _c33 cm. |
||
| 500 | _aBibliografia. Indice. | ||
| 651 | 4 |
_aMadrid (Comunidad Autónoma)- _xHistoria. _98997 |
|
| 700 | 1 |
_aFraguas, Enrique. _952089 |
|
| 700 | 1 |
_aMontalvo, Paz. _982352 |
|
| 710 | 1 |
_aMadrid (Comunidad Autónoma). _bDirección General de Patrimonio Cultural. _95616 |
|
| 852 |
_aES-MaACL _jL-12169 _bR.115365 _z. - Plast. |
||
| 999 |
_c5483 _d5483 |
||